00689nam a22001097a 4500040000900000082002700009100002100036245038100057260002800438300002600466856008700492 cRUA  aAVM BUN 2011 B098 Or.1 aBUN SEREYRATANAK aStudy on situation disease of dog at examination department and animal treatment office of agriculture, (ការសិក្សាស្ថានភាពជំងឺ សុនខនៅគ្លីនិកផ្នែកពិនិត្យ និង​ព្យាបាលសត្វនៃមន្ទីកសិកម្ម រាជធានីភ្នំពេញ) aphnom penh brua c2011 ax, 36p. bill.c29cm. uhttps://drive.google.com/file/d/12npyIp_x67fs9PtuxClsLnZVFYbAO3EJ/view?usp=sharing